LDR 01092naa#a2200229#i#450# 001 RU\\bibl\123065 005 20260516051445.6 011 ## _a3034-4689 100 ## _a20260508b2026####ek#y0rusy0150####ca 102 ## _aRU 200 1# _aИССЛЕДОВАНИЕ КАТАЛИТИЧЕСКИХ СВОЙСТВ ЭЛЕКТРОДОВ С АКТИВНЫМ ЭЛЕКТРОКАТАЛИТИЧЕСКИМ ПОКРЫТИЕМ НА ОСНОВЕ СМЕШАННЫХ ОКСИДОВ ПАЛЛАДИЯ, РУТЕНИЯ И ИРИДИЯ _eЖурнальная статья 210 1# _aКазань _cКазанский национальный исследовательский технологический университет _d2026 215 ## _a5 с. 608 ## _aЖурнальная статья _2local 700 #1 _aЧеркесов _gА. Ю. 700 #1 _aКоролев _gД. В. 700 #1 _aЛипкин _gМ С 700 #1 _aЛиплявка _gМирослав Викторович 700 #1 _aОстаний _gИ. Д. 700 #1 _aДенисова _gИ. А. 700 #1 _aЛипкин _gС. М. 856 4# _avestniktu.ru _u